[Event "EU-ch 6th"]
[Site "Warsaw"]
[Date "2005.06.30"]
[Round "12"]
[White "Aronian, Levon"]
[Black "Fedorov, Alexei"]
[Result "1-0"]
[WhiteElo "2693"]
[BlackElo "2602"]
[Annotator "Stohl,I"]
[PlyCount "101"]
[EventDate "2005.06.18"]
[EventType "swiss"]
[EventRounds "13"]
[EventCountry "POL"]
[SourceTitle "CBM 108"]
[Source "ChessBase"]
[SourceDate "2005.09.26"]
[SourceVersion "1"]
[SourceVersionDate "2005.09.26"]
[SourceQuality "1"]

1. d4 Nf6 2. c4 g6 3. Nf3 Bg7 4. g3 O-O 5. Bg2 d6 6. O-O Nc6 7. Nc3 a6 8. d5
Na5 9. Nd2 c5 10. Rb1 Bf5 $5 (10... Rb8 {is by far the most usual continuation,
but Fedorov has had some success with the text - Black doesn't always have to
play on the << in the Yugoslav.}) 11. e4 Bd7 {The reasoning behind Black's
manoeuvre is that now after e5 he doesn't have to worry about dxe6 and Nde4
and one invested tempo will not play a major role in a position with a closed 
[+].} 12. b3 e5 (12... b5 {leads to more usual lines after} 13. Qc2 (13. Bb2
Rb8 14. Ba1 e6 15. cxb5 exd5 16. Nxd5 axb5 17. b4 Nb7 18. Nxf6+ Bxf6 19. Bxf6
Qxf6 20. e5 Qxe5 21. Re1 Qd4 22. Re4 Qf6 23. Rf4 Qg7 24. Bxb7 Rxb7 25. Ne4 Bf5
26. Qxd6 Bxe4 27. Rxe4 c4 28. a4 {Maciejewski,M-Ciemniak,R/Lubniewice/1993/}
bxa4 $132) 13... Rb8 14. Bb2 (14. h3 e5 15. dxe6 Bxe6 16. Nd5 Nc6 17. Qd1 Bxd5
18. cxd5 Nb4 19. a3 Nd3 20. Qc2 Nxc1 21. Rfxc1 Nd7 $15 {Goczo,M-Werner,D/
Budapest/2004/}) 14... e5 ({premature is} 14... bxc4 $6 15. bxc4 e5 16. Ne2 Bh6
17. Bc3 Nb7 18. Rb2 Nh5 19. Rfb1 Qc7 20. a4 f5 21. Rb6 $16 {[%cal Gb1b8] <->b,
Arsovic,G-Milovic,J/YUG-chT Budva/2002/}) 15. Ne2 {We have reached the
position from Nielsen-Bologan by transposition.} Nb7 $5 (15... h5 16. Bc3 h4
17. Qd3 Nb7 18. f4 h3 $6 (18... hxg3 $142 19. hxg3 Ng4 $14) 19. Bf3 Ng4 20. f5
Nh6 21. g4 Qh4 22. Kh1 Nd8 23. Rg1 f6 24. Rg3 Ndf7 25. Rf1 Ng5 26. Ng1 gxf5 27.
gxf5 Be8 28. Be2 Bh5 29. Bxh5 Qxh5 30. Ndf3 Nhf7 31. Nxg5 Nxg5 32. Nxh3 $18 {
Nielsen,P-Bologan,V/Skanderborg/2003/}) (15... Nh5 16. f4 $36) 16. h3 (16. Qd3
$5) (16. Rbe1 $142 $14) 16... Nh5 17. f4 f5 {[%csl Rg3] ><g3<=>} 18. fxe5 dxe5
19. exf5 gxf5 20. Nf3 Qe7 21. Nh4 e4 22. Bxg7 Qxg7 23. Nxf5 Bxf5 24. g4 Bd7 25.
gxh5 Bxh3 26. Nf4 Bf5 $13 {Kozak,L-Wisniewski,A/Oropesa del Mar/2000/}) 13. Qc2
$5 $146 {Once Black has closed the [+], it's more sensible for the Bc1 to
remain on the /^c1-h6, White will try to connect his R by preparing Bd2.} (13.
Bb2 $143 h5 14. a3 (14. Qc2 $142) 14... b6 $5 15. b4 Nb7 16. Qe2 h4 17. Nd1 $6
cxb4 $1 18. axb4 a5 $36 19. Ba3 axb4 20. Bxb4 Nc5 21. Nc3 Bh6 22. Nb5 Qe7 23.
Nb3 Bg4 24. Qc2 h3 25. Bh1 Nh5 26. Nxc5 bxc5 27. Bd2 Bxd2 28. Qxd2 Ra4 $17 {
Minasian,A-Fedorov,A/Moscow Aeroflot/2004/}) 13... h5 (13... Ng4 $5 14. h3 Nh6
15. Ne2 $13) 14. h3 h4 (14... Bh6 15. f4 h4 16. Nf3 $1 $36) ({Perhaps Black
could have waited with the text-move, the immediate} 14... b5 $142 {seems
better.}) 15. g4 Nh7 (15... Bh6 16. Ne2 $5 (16. Nf3 Bxc1 17. Qxc1 {[%csl Rh4]
><h4} b5 $132) 16... b5 17. f4 $14) 16. Nd1 b5 17. Ne3 Bh6 18. Nf3 $1 Rb8 (
18... Bf4 19. Ne1 Nb7 20. a3 $5 Ng5 21. Nd3 Qf6 22. Kh1 $14) 19. Bd2 $1 {
[%mdl 32] Sound strategy, White gradually starts moving his pieces to their
best squares.} Nb7 20. Ne1 (20. a3 $5) 20... b4 $5 21. Nd3 a5 (21... Bf4 $5 22.
a3 a5 $14 {/\} 23. Nxf4 exf4 24. Nd1 Qf6 $13) 22. a3 bxa3 $2 {Disrupts Black's
P-structure and gives White's pieces (both B and N) the important c3-square.} (
22... Bf4 $142 {Black should try to keep the position closed.}) (22... Qe7 $6
23. Nf5 $1 $16) 23. Ra1 Bg5 {Black manoeuvres without a concrete plan and
gradually gets outplayed.} 24. Rxa3 Qb6 25. Kh1 Rbe8 26. Bc3 Bc8 (26... Bxe3
27. fxe3 $36 {[%csl Ra5,Rh4] ><h4,a5}) 27. Raa1 Bd8 28. f4 $1 $36 exf4 29. Nxf4
Bg5 30. Rae1 Re7 31. Nd3 Rfe8 32. Ba1 a4 {Black desperately tries to get some
<=>.} (32... Bd7 33. Qc3 f6 34. Nf4 Nf8 35. Ne6 $1 $40) 33. bxa4 Na5 34. Qc3 f6
35. Nf4 (35. Rb1 $5 Qa6 36. Nf4 Nf8 (36... Rxe4 37. Bxe4 Rxe4 38. Qd3 $5 f5 39.
Neg2 $18) 37. Rb5 $16) 35... Qb4 (35... Nf8 36. Ne6 $5 (36. Rb1 {-35.Rb1})
36... Nxe6 37. dxe6 Rxe6 38. Nd5 Qd8 39. Rb1 $36 {/\} Ba6 40. Rb6 Bxc4 41. Qxa5
Bxf1 42. Bxf1 Rxe4 43. Bc3 $18 {White's K is safe, as the R have no entry pint
on the <->e.}) 36. Nxg6 Rb7 37. Qc2 Qb3 (37... Bxe3 38. Rxe3 Nxc4 39. Ree1 $16
{/+-,->}) 38. Qf2 {It's only natural White wants to play for the ->.} (38. Qxb3
Rxb3 39. Nf5 Nxc4 40. Nge7+ Kf8 $16) 38... Nxc4 39. Nxc4 Qxc4 40. Nxh4 Qxa4 41.
Ng6 Qa5 (41... Rg7 $5 42. Nf4 $16) 42. Qg3 (42. Nf4 $5) 42... Bd2 43. Re2 c4 (
43... Rg7 $142 44. Rd1 $16) 44. Qxd6 c3 45. Qc6 (45. e5 $5 $40 {+-}) 45... Qb5
46. Ne7+ (46. e5 $2 Bd7 $1 $13) 46... Rexe7 47. Qxc8+ Re8 48. Qc6 Qxc6 (48...
Rb6 $5 49. Qxb5 Rxb5 $16) 49. dxc6 Rc7 50. e5 fxe5 (50... Rxe5 $2 51. Rxd2 cxd2
52. Bxe5 fxe5 53. Rd1 $18) 51. h4 ({Resignation does seem premature, although
Black is in trouble after, e.g.,} 51. h4 Kg7 (51... Rd8 52. Rxe5 c2 53. Bd5+
Rxd5 54. Re8+ $18) 52. g5 $16 {[%csl Ga1,Gg2,Gg5,Gh4][%cal Yf1d1,Yd1d2] /+-
White can always play Rd1xd2 at a suitable moment and the o^, supported by the
^^ should net the full point.}) 1-0

[Event "Olympiad-34"]
[Site "Istanbul"]
[Date "2000.11.05"]
[Round "8.4"]
[White "Sakaev, Konstantin"]
[Black "Mrva, Martin"]
[Result "1-0"]
[WhiteElo "2627"]
[BlackElo "2468"]
[Annotator "Stohl,I"]
[PlyCount "85"]
[EventDate "2000.10.28"]
[EventType "team-swiss"]
[EventRounds "14"]
[EventCountry "TUR"]
[SourceTitle "EXT 2001"]
[Source "ChessBase"]
[SourceDate "2000.11.22"]
[SourceVersion "1"]
[SourceVersionDate "2000.11.22"]
[SourceQuality "1"]
[WhiteTeam "Russia"]
[BlackTeam "Slovakia"]
[WhiteTeamCountry "RUS"]
[BlackTeamCountry "SVK"]

1. d4 Nf6 2. c4 g6 3. g3 Bg7 4. Bg2 O-O 5. Nc3 d6 6. Nf3 Bg4 7. h3 Bxf3 8. Bxf3
Nc6 9. e3 Nd7 10. Bg2 a5 $5 $146 {[%mdl 8] A good idea, Black postpones
central action and limits White's << prospects first.} ({The only move played
until now in this position was} 10... e5 11. d5 Ne7 12. e4 f5 13. h4 $1 {
In this line White often profits from the fact he hasn't castled yet, also in
the game his Bg2 and Rh1 will be activated via h3.} Nf6 14. Bg5 h6 15. Bxf6
Bxf6 16. h5 (16. Qd3 $5 {/\0-0-0|^ was Sakaev's intention}) 16... Bg5 17. hxg6
f4 18. Bh3 Kg7 19. Ne2 c6 20. Qb3 Qa5+ 21. Qc3 Qxc3+ 22. bxc3 c5 23. Rb1 b6 24.
Bg4 Nxg6 25. Ng1 Ne7 26. Nf3 $11 {/+/=,Portisch,L-Sznapik,A/Amsterdam/1984/})
11. Qe2 (11. O-O e5 12. d5 Ne7 13. e4 f5 $13 {only helps Black, the R is still
needed on the h-file.}) (11. h4 $5 h5 (11... Nb6 12. Qe2 e6 13. h5 d5 14. hxg6
hxg6 15. c5 (15. b3) 15... Nd7 16. Bd2 $16 {()}) 12. Qe2 e5 (12... e6 $5 $13) (
12... Bh6 13. g4 hxg4 14. h5 Kg7 15. hxg6 f5 16. e4 $40) 13. d5 Nb4 14. a3 Na6
15. Rb1 Nac5 16. b4 axb4 17. axb4 Na4 $132) 11... e5 12. d5 Nb4 13. a3 (13. e4
Nc5 14. O-O f5 15. Be3 (15. exf5 gxf5 $132 {[%csl Gd3][%cal Yb4d3,Ye5e4] /
\Nbd3,e4}) 15... Nbd3 16. Rad1 f4 $1 17. Bxc5 Nxc5 $11) 13... Na6 14. Rb1 f5 (
14... Nac5 $142 $5 15. b4 axb4 16. axb4 Na4 17. Nd1 (17. Nxa4 Rxa4 18. e4 Qa8
$132) 17... h5 (17... Bh6 18. h4 f5 19. h5 Kg7 20. Qc2 $14 {/\} e4 21. Ra1 Nab6
22. Rxa8 Qxa8 23. Bb2+ Ne5 24. hxg6 hxg6 25. g4 $40) 18. e4 (18. h4 Bh6 $13)
18... h4 19. g4 Bf6 $132) (14... Bh6 15. b4 $14 {פa6}) 15. e4 $8 (15. b4 $2 e4
$36) 15... Nac5 16. b4 axb4 17. axb4 Na4 (17... Nxe4 18. Nxe4 fxe4 19. Bxe4 $14
{[%csl Rg7][%cal Yh3h5] /+/-,/\h4-h5->,ץg7}) 18. Nd1 $1 {[%mdl 32] White
avoids exchanges, the N protects f2 and the Bg7 still remains inactive.} f4 $2
{Now Black's position looses it's flexibility and White impressively exploits
his strategic advantage.} (18... Nf6 $142 19. exf5 gxf5 20. g4 e4 $5 21. gxf5 (
21. Rb3 c6 22. dxc6 bxc6 23. gxf5 d5 $44) (21. g5 $6 Nd7 {/\Ne5|^}) 21... Qd7
22. Rb3 $1 (22. f3 exf3 23. Qxf3 b5 $44) 22... Qxf5 23. Rg3 $36) 19. h4 c5 $5 (
19... Bh6 20. h5 Bg5 21. Qg4 $16 {and the Bg5 is in danger.}) 20. dxc6 $8 (20.
b5 Nab6 $13) 20... bxc6 21. h5 g5 22. h6 Bf6 23. Bh3 $1 $16 Kh8 (23... Qe7 $142
24. Qd3 $5 $16 {/\c5} (24. Bf5 Rfb8 {[%cal Yd7f8,Yf8e6] /\Nf8-e6})) 24. Bf5
Ndb6 25. g4 $1 {Preparing the 3-rd rank for the Rh1...} Nc8 26. Rh3 Ne7 27. Be6
Ng6 28. Ra3 Qe7 29. Bf5 Nh4 30. Rba1 Nb6 31. Rxa8 Nxa8 (31... Rxa8 $142 32.
Rxa8+ Nxa8 33. Nc3 $16) 32. Nc3 Qb7 33. b5 Nxf5 34. gxf5 (34. exf5 $2 e4 $132)
34... Nb6 35. Qd3 Be7 36. Ra6 Rf6 (36... Ra8 37. Ba3 Nc8 (37... Rxa6 38. bxa6
Qxa6 39. Bxd6 Qa1+ (39... Bf6 40. Bxe5 $1 $18) 40. Ke2 f3+ 41. Kxf3 Bxd6 42.
Qxd6 Qxc3+ 43. Kg2 Kg8 44. Qf6 $18) 38. c5 $16 {->}) 37. c5 $1 dxc5 38. bxc6
Rxc6 39. Qb5 Bd8 40. Nd5 $22 {[%csl Re5] Black can't move his pieces and the
Pe5 falls.} g4 41. Bb2 f3 42. Bxe5+ Kg8 43. Ra7 $1 (43. Rxb6 $2 Bxb6 44. Qxc6
$2 Ba5+ $19) (43. Ra7 Qxa7 44. Qxc6 Qd7 45. Nf6+ Bxf6 46. Qxf6 $18) 1-0

[Event "Tata Steel-B 73rd"]
[Site "Wijk aan Zee"]
[Date "2011.01.30"]
[Round "13"]
[White "Navara, David"]
[Black "McShane, Luke J"]
[Result "1/2-1/2"]
[WhiteElo "2708"]
[BlackElo "2664"]
[Annotator "Krasenkow,M"]
[PlyCount "114"]
[EventDate "2011.01.14"]
[EventType "tourn"]
[EventRounds "13"]
[EventCountry "NED"]
[EventCategory "17"]
[SourceTitle "CBM 141"]
[Source "ChessBase"]
[SourceDate "2011.03.17"]
[SourceVersion "1"]
[SourceVersionDate "2011.03.17"]
[SourceQuality "1"]

1. d4 Nf6 2. c4 g6 3. g3 Bg7 4. Bg2 O-O 5. Nf3 d6 6. Nc3 Nc6 7. O-O Rb8 {
This move order is considered less accurate than the normal} (7... a6) 8. e3 {
A rare, rather harmless continuation.} e5 (8... Bf5 9. d5 Na5 10. Nd4 Bd7 11.
b3 c5 12. dxc6 bxc6 13. Bd2 c5 14. Nde2 Bc6 15. e4 Ba8 16. Rc1 Nc6 17. Nd5 $14
{0-1 McNab,C (2475)-Hebden,M (2550)/Glasgow 1995/EXT 2001 (78)}) (8... a6 {
leads to a well-known theoretical position from the 7...a6 system.}) 9. d5 Ne7
(9... e4 $5 10. dxc6 (10. Nd2 Bg4 11. Qc2 Ne5) 10... exf3 11. Qxf3 Bg4 12. Qf4
bxc6 13. Bxc6 Bh3 14. Rd1 Nd7 $44) 10. e4 Nd7 11. b4 h6 {After this move 
(preventing Nf3-g5 but losing time) White's queenside attack becomes dangerous.
} (11... f5 $5 12. Ng5 Nf6 {It is important that the b7 pawn is protected.})
12. Be3 a6 13. Nd2 f5 14. f3 f4 15. Ba7 Ra8 16. Bf2 h5 17. c5 g5 18. Nc4 Nf6
19. cxd6 cxd6 20. Bb6 Qd7 21. Qa4 $6 {It is attractive to exchange queens but
Black now manages to organise a defence.} (21. Rc1 $5 Ng6 22. Bf2 Qe7 23. Nb6
Rb8 24. b5 $5) 21... Qxa4 22. Nxa4 Bd7 23. Nab2 Nc8 24. Rac1 Rf7 25. Bd8 Rf8
26. Bc7 Ne8 27. Nb6 Nxb6 28. Bxb6 Bf6 29. Nc4 h4 30. g4 $6 {[%mdl 32] White
will not be able to break through on the queenside.} (30. gxh4 $5 gxh4 (30...
g4 31. Bf2) 31. Rf2 $14 {The g-file and the h3-c8 diagonal may be useful for
the side which keeps general initiative, i.e. White, rather than Black.}) 30...
Bb5 31. Rf2 Bxc4 32. Rxc4 Bd8 33. Bxd8 Rxd8 {, and all White's attempts were
vain:} 34. Bf1 Rf7 35. Rfc2 Kf8 36. a4 Rdd7 37. Rc8 Rc7 38. R2xc7 Rxc7 39. Rb8
Ke7 40. b5 axb5 41. axb5 Nf6 42. b6 Rc1 $1 43. Rxb7+ Nd7 44. Rc7 Rb1 45. b7 Kd8
46. Rc8+ Ke7 47. Rg8 Kf7 $1 48. b8=R (48. Rxg5 Nf6 49. Rf5 Kg6 {[%csl Rf5]})
48... Rxb8 49. Rxb8 Nxb8 50. Bb5 Ke7 51. Kf2 Kd8 52. Ke2 Kc7 53. Kd3 Kb6 54.
Kc4 Ka5 55. h3 Na6 56. Bxa6 Kxa6 57. Kb4 Kb6 1/2-1/2

[Event "Lake Sevan"]
[Site "Martuni"]
[Date "2016.07.23"]
[Round "6"]
[White "Vidit, Santosh Gujrathi"]
[Black "Onischuk, Vladimir"]
[Result "1-0"]
[WhiteElo "2658"]
[BlackElo "2612"]
[Annotator "Vidit,S"]
[PlyCount "93"]
[EventDate "2016.07.18"]
[EventType "tourn"]
[EventRounds "9"]
[EventCountry "ARM"]
[EventCategory "16"]
[SourceTitle "CBM 174"]
[Source "ChessBase"]
[SourceDate "2016.09.13"]
[SourceVersion "1"]
[SourceVersionDate "2016.09.13"]
[SourceQuality "1"]

{After a win in the first round I had missed a couple of chances and drew all
the games uptill this round. My opponent didn't have a good tournament so I
was hoping to score in this game.} 1. d4 d6 2. Nf3 g6 3. g3 Bg7 4. Bg2 Nf6 5.
O-O O-O 6. c4 Nc6 7. Nc3 e5 8. dxe5 dxe5 9. Bg5 Be6 10. Nd2 {We both were
playing pretty fast until this point.} h6 (10... Qb8 11. Qa4 Nd4 12. e3 Nf5 13.
Bxf6 Bxf6 14. Nde4 Bg7 15. Nc5 Bc8 16. Rad1 $14) 11. Bxf6 Bxf6 12. Nde4 Be7 13.
Qc1 Kg7 (13... Bxc4 14. Rd1 Qe8 15. Qxh6 Nd4 16. g4) 14. Rd1 Qe8 15. Nd5 Rc8 (
15... Bd8 16. Qc3 (16. e3 f5 17. Nc5 Bc8 18. f4 b6 19. Nb3 e4) (16. Qd2 b6)
16... Nd4 (16... f5 17. Nc5 Bc8 18. Re1 Kh7 19. e4 f4 20. gxf4 exf4 21. e5 f3
22. Bxf3 Qf7 23. Re3 Bg5 24. Rae1 Bxe3 25. Rxe3 $16) 17. Rd2 c6 18. Nf4 Bg4 (
18... Bf5 19. Nd6 Qe7 (19... Qd7 20. c5 Bf6 21. e3 exf4 22. exd4 $14) 20. c5
$14) 19. e3 Nf3+ 20. Bxf3 Bxf3 21. Nd6 Qe7 22. e4 Bg4 23. c5 $14) 16. Nxe7 $146
{This was my planned improvement. It's rare nowadays to get your preparation
in! :)} (16. Nec3 Bg5 17. e3 f5 18. f4 Bd8) 16... Qxe7 17. Nc3 {Black is
already worse now. He can't really avoid crippling of his pawn structure on
queenside.} Bxc4 18. b3 $1 {It is important to define the bishop's position
before capturing on c6.} (18. Bxc6 {gives Black some extra option:} bxc6 19.
Qe3 a5 20. Qe4 (20. b3 Bb5 $1 {Black has this extra option with this move order
} 21. Nxb5 cxb5 22. a4 bxa4 23. Rxa4 Ra8) 20... Qe6 (20... Qc5 21. Na4 Qb5 22.
b3 Be6 23. Rac1 $14) 21. b3 Bb5 22. Nxb5 cxb5 23. Rd5 c6 24. Rxe5 Qf6) 18...
Ba6 (18... Be6 19. Bxc6 bxc6 20. Qe3 $14) 19. Bxc6 bxc6 20. Qe3 Ra8 {I wasn't
sure how to prove compensation for the pawn. But it is clear that
uncoordinated pieces and damaged pawn structure give White a very comfortable
position.} 21. Rac1 $1 (21. Rd2 $6 {allows Black to simplify:} Rfd8 22. Rxd8
Rxd8 23. Qxa7 Qb4 $132) 21... Rfe8 (21... f5 22. Na4 (22. f4 Rf7 23. fxe5)
22... f4 23. gxf4 Rxf4 24. Nc5 Bc8 25. Nd3 $16) 22. Rc2 {I played this quickly.
The potential threat of doubling on c or d-files gives White a lot of
flexibility in plans.} (22. f3 $5 f5 23. Na4) 22... Bc8 {Black is threatening
to co-ordinate his pieces so White should act quickly.} (22... Red8 23. Rxd8
Rxd8 24. Qxa7 Bc8 25. Qe3 $14) 23. Ne4 (23. Na4 Bh3 24. Rxc6 Rad8 {I was
afraid that the knight would be out of the game.}) 23... Bf5 (23... Bh3 24. f3
Rad8 25. Rdc1 $16) (23... Bd7 {Although this looks passive it was the most
tenacious.} 24. Rdc1 a5 (24... f6 25. Nc5 Bf5 26. Rc4 $14) 25. Rc4 h5 $14) 24.
Rxc6 Rad8 25. Rdc1 Qb4 (25... Qa3 {I was more worried about this move, but
even here White has a nice advantage with few good moves:} 26. Nc3 Qb2 27. f3
$1 $16 {and Black's weak pawns are hard to defend.}) 26. R6c4 {Not the best
move.} (26. Nc3 $1 {In good positions sometimes simple moves are the best! :)}
Qd4 (26... Rd7 27. Qxa7) 27. Rxc7 Rc8 28. Nb5 $1 $16) (26. Nf6 {I was very
tempted to make this work and spent most of the time here. I played pretty
fast uptill this point.} Re7 27. g4 Bc8 {It looked very nice to force Black's
pieces back, but it was hard to progress.} 28. g5 Qf4 $132) 26... Qb6 27. Nc5 (
27. Nc3 {It looked very anti positional to play such a move. But it was also a
possibility} Rd4 28. Na4 Qd6 29. Rxd4 Qxd4 30. Rxc7 Qxe3 31. fxe3 $16) 27...
Rd5 28. Qc3 $6 {I started losing the thread at this point.} (28. Qf3 {was my
original intention but after} Rd4 $1 $132 {Black has counterplay.}) (28. Kg2 $1
Red8 29. h3 $16 {is the computer|s suggestion. White slowly pushes Black back.}
) 28... Qd6 29. e4 $6 (29. g4 $1 Bc8 30. Ne4 Rd1+ 31. Kg2 Bb7 32. f3 $16) 29...
Rd1+ 30. Kg2 Bg4 (30... Bc8 $1 31. Rxd1 Qxd1 32. Qc2 Qh5 $1 $132) 31. Rxd1 (31.
h3 {was my original plan but suddenly I realized that Black can play} Be2 $1
32. Rxd1 Qxd1 33. Qc1 $1 Bf3+ 34. Kh2 Rd8 35. Qxd1 Rxd1 36. g4 {and it's still
equal.}) 31... Qxd1 32. Qd3 $1 {White's position was so good that even after a
few inaccuracies White still holds some advantage.} Rd8 (32... Qe1 33. Rc2 $16)
(32... Qxd3 33. Nxd3 Be2 34. Rc3 Bxd3 35. Rxd3 $14 Re6 36. Rc3 Ra6 37. a4 c6
$11 38. Kf3) 33. Qxd1 Bxd1 $6 {I was a bit scared to see this move as I cannot
consolidate with Rc2. Fortunately, I had a better option!} (33... Rxd1 34. Rc2
(34. Ra4 Be2 35. f4 Rc1)) 34. Ra4 $1 {Now it's hard to defend Black's pawns.}
g5 (34... Be2 35. Rxa7 Rd1 36. Rxc7 g5 37. g4 $1 Bxg4 38. f3 $18) 35. h3 h5 36.
g4 h4 $6 {Black was hoping to build a net around the king but it turns out to
be too slow.} (36... hxg4 37. hxg4 Rd2 $1 (37... Bxg4 38. Rxa7 Rd2 39. a4 Bd1
40. Rxc7 g4 41. Kg3 Ra2 42. Rd7 Bf3 43. Nd3 Kf6 44. Rd6+ Ke7 45. Ra6 $16) 38.
Rxa7 Rc2 39. b4 Bxg4 40. a4 Rc3 41. Rxc7 $16) 37. Rxa7 Be2 38. Rxc7 Rd1 39. Nd7
$1 {I believe my opponent missed this important move.} Bf1+ 40. Kh2 Rd2 (40...
Be2 41. Nxe5 Kf6 42. Rc2 Re1 43. Rc5 Ke6 44. Rd5 f6 45. Nc6) 41. Nxe5 {Now the
rest it easy :)} Kf6 42. Nxf7 Rxa2 43. e5+ Kg6 44. Nh8+ Kh6 45. Nf7+ (45. Rf7
Ra6) (45. e6 Rxf2+ 46. Kg1 Rg2+ 47. Kh1) 45... Kg6 46. Nd6 Re2 (46... Bd3 47.
e6 (47. Rf7)) 47. Rc1 {I was very relieved to score a nice win after four
consecutive draws!} 1-0